000 00874nam a2200253 i 4500
001 bgj
100 1 _aLITTLEWOOD, William T.
245 1 0 _aCommunicative language teaching :
_ban introduction /
_cWilliam T. Littlewood.
250 _a[14th print.].
260 _aCambridge :
_bCambridge University Press,
_c1992.
300 _aXII, 108 pp :
_bdraw. ;
_c23 cm.
490 1 _aNew directions in language teaching / [ed. by] Howard B. Altman and Peter Strevens
500 _a1st publ. 1981.
504 _aBibliography.
505 _aIncl. index.
650 9 _aLanguage and languages
_xStudy and teaching
830 0 _aNew directions in language teaching ([ed. by] Howard B. Altman and Peter Strevens)
020 _a0521281547 (pbk)
040 _cBPK
041 0 _aeng
920 _a0-521-28154-7 (pbk)
942 _cKS
008 s uk f |000 0 eng
999 _c47332
_d47332
856 _uhttp://koha.tu.koszalin.pl/cgi-bin/koha/opac-detail.pl?biblionumber=47332
_yKatalog online BPK